Every WWE Summerslam Main Eventer - Statistics

General Stats
  • This quiz has been taken 276 times
    164 since last reset
  • The average score is 28 of 50
Answer Stats
Year(s) Name No. of Times % Correct
1994-1995, 2003 Diesel/Fake Undertaker/Kevin Nash 3
93%
1999-2000, 2003, 2012 Triple H 4
93%
2002, 2012, 2014-2019 Brock Lesnar 8
92%
2006-2007, 2010-2011, 2013-2014 John Cena 6
92%
2003-2004, 2007, 2016 Randy Orton 4
89%
1996, 2003, 2005 Shawn Michaels 3
87%
2006, 2008, 2010 Edge 3
86%
1988-1989, 1991, 2005 Hulk Hogan 4
86%
2000-2002 The Rock 3
86%
2017-2018 Roman Reigns 2
85%
1992, 1997, 2010 Bret Hart 3
82%
2019 Seth Rollins 1
82%
1998-1999 Steve Austin 2
79%
2003, 2010 Chris Jericho 2
74%
2010, 2013 Daniel Bryan 2
73%
2009, 2011 CM Punk 2
71%
1988-1989 Randy Savage 2
69%
2000 Kurt Angle 1
66%
2004 Chris Benoit 1
60%
1994, 1997-1998, 2008, 2015 The Undertaker 5
58%
2010 Wade Barrett 1
58%
2020 Bray Wyatt/The Fiend 1
56%
1993 Yokozuna 1
53%
1988 André The Giant 1
52%
2017, 2020 Braun Strowman 2
50%
2009 Jeff Hardy 1
50%
2010 Justin Gabriel 1
49%
2003 Goldberg 1
48%
1999 Mankind 1
48%
2010 Heath Slater 1
47%
1988 Ted DiBiase 1
47%
2001 Booker T 1
46%
2010 R-Truth 1
43%
2010 David Otunga 1
42%
1991 Sgt. Slaughter 1
42%
1993 Lex Luger 1
41%
2010 John Morrison 1
40%
2017 Samoa Joe 1
40%
1992 The British Bulldog 1
37%
2010 Darren Young 1
34%
2010 Skip Sheffield 1
33%
1990 Rick Rude 1
31%
1990-1991 The Ultimate Warrior 2
31%
2010 Michael Tarver 1
29%
1989 Zeus 1
29%
1989 Brutus Beefcake 1
28%
1996 Vader 1
28%
1991 Gen. Adnan 1
25%
1991 Col. Mustafa 1
24%
1995 King Mabel 1
17%
No matching quizzes found
Score Distribution
Percent of People with Each Score
Percentile by Number Answered
Your Score History
You have not taken this quiz since the last reset